Statistics for Countries closest to Tibet

Click here to take the quiz!

General Stats

  • This quiz has been taken 41 times
  • The average score is 16 of 20

Answer Stats

KilometersCountryMiles% Correct
0Bhutan0
97%
0India0
97%
0Nepal0
97%
187Pakistan116
91%
0Myanmar0
88%
482Tajikistan300
85%
488Afghanistan303
82%
1,566Iran973
82%
741Kazakhstan460
82%
638Kyrgyzstan396
82%
873Thailand542
82%
1,160Turkmenistan721
82%
935Mongolia581
79%
727Vietnam452
79%
92Bangladesh57
76%
1,621Cambodia1,007
76%
856Uzbekistan532
76%
717Laos446
74%
1,405Russia873
74%
1,971Taiwan1,224
62%

Score Distribution

Percentile by Number Answered

Percent of People with Each Score

Your Score History

You have not taken this quiz